01301nam a22003737a 4500003000400000005001700004008004100021040002200062082001800084100002900102245006900131260002900200300001900229366000800248490002400256505001800280505001600298505001900314505002200333505001800355505002500373505001700398505002000415505007100435505008400506505001700590650004100607650004400648650005500692650004800747650004300795650004500838651004400883OSt20230519095524.0221006b |||||||| |||| 00| 0 eng d cBiblioteca Lado V a701.18bA658t aAraeen, Rasheedeeditora aThird Text/bCriticalPerspectives on Contemporary Art & Culture/ bRoutledgec2001aLondres c19x25cma112p. eeng a53v2001x0952-8822 aE San Juan jr aOsman Jamal aHenry A Giroux aKymberly N Pinder aPatrick Frank aKathleen Mary Fallon aJenni Sorkin aClaudia Wegener aForumgXiaoping Lin Nikos Paperstergiadis Jan Nederveen Pieterse aReviewsgBrian Holmes Pennina Barnett Sophia Phoca Bisi Silva Paul O'Kane  aContributors 2Tesauro de Arte & ArquitecturaaARTE 2Tesauro de Arte & ArquitecturaaCRITICA 2Tesauro de Arte & ArquitecturaaARTE CONTEMPORANEO 2Tesauro de Arte & ArquitecturaaAPRECIACION 2Tesauro de Arte & ArquitecturaaTEORIA 2Tesauro de Arte & ArquitecturaaANALISIS 2Tesauro de Arte & ArquitecturaaLONDRES